Cálculo diferencial e integral

Guardat en:
Dades bibliogràfiques
Autors principals: Aguilar Márquez, Arturo (Autor), Bravo Vásquez, Fabián Valapai (Autor), Gallegos Ruiz, Herman Aurelio (Autor), Cerón Villegas, Miguel (Autor), Reyes Figueroa, Ricardo (Autor)
Format: Llibre
Idioma:espanyol
Publicat: Ciudad de México Pearson Educación S. A 2016
Edició:4a. ed
Matèries:
Etiquetes: Afegir etiqueta
Sense etiquetes, Sigues el primer a etiquetar aquest registre!

MARC

LEADER 00000cam a2200000 a 4500
001 UCC7380
003 CL-VaPUC
008 190322e20160000mx |||||||||||||||||spa|d
020 |a 9786073235716 
082 0 4 |a 515.33  |b AGU  |2 21 
100 0 |a Aguilar Márquez, Arturo  |e author  |9 601987 
700 0 |a Bravo Vásquez, Fabián Valapai  |e author  |9 601988 
700 0 |a Gallegos Ruiz, Herman Aurelio  |e author  |9 601989 
700 0 |a Cerón Villegas, Miguel  |e author  |9 601990 
700 0 |a Reyes Figueroa, Ricardo  |e author  |9 601991 
245 1 0 |a Cálculo diferencial e integral 
250 |a 4a. ed 
300 |a 485 p 
942 |c BK 
945 |d 20190322 14:57:00  |a dcastane 
260 |a Ciudad de México  |b Pearson Educación S. A  |c 2016 
650 0 |a Ecuaciones diferenciales  |9 260083 
650 0 |a Ecuaciones integrales   |9 270067 
650 0 |a Derivadas  |9 354237 
583 |a last modification  |c 20190322 14:57:00  |k Rodrigo Vera 
999 |c 374044  |d 374042 
952 |0 0  |1 0  |3 erb  |4 0  |6 515_330000000000000_AGU_2016  |7 0  |8 A  |9 492401  |a BIBING  |b BIBING  |i 5540054  |l 13  |m 7  |o 515.33 AGU 2016  |p 5540054  |r 2025-01-20  |s 2024-08-05  |w 2019-11-24  |y BK  |z Catalogado en:20190322  |k ING